000
00502nam a2200181Ia 4500
008
090123s9999 xx 000 0 und d
082
_b
24607
_a
891.463/कर्णिक
100
_a
कर्णिक हेमन
245
_a
थंडर
250
_a
1
260
_b
शांती प्रकाशन
300
_a
162
600
_a
कर्णिक हेमन
630
_a
थंडर
700
_a
कर्णिक हेमन
730
_a
थंडर
942
_c
BOOK
999
_c
62678
_d
62678